Les vrais noms des stars francophones #2 - Statistiques

Statistiques générales
  • Ce quiz a été pris 102 fois
  • Le résultat moyen est 7 sur 14
Statistiques - réponses
Hint Réponse % Correct
Patrick Boutot Patrick Sébastien
66%
Iolanda Cristina Gigliotti Dalida
65%
Daniel Farid Hamidou Dany Boon
53%
Vanda Maria Ribeiro Furtado Tavares de Vasconcelos Lio
51%
Paul-Alain Auguste Leclerc Julien Clerc
49%
Léonie Cooreman Annie Cordy
46%
Jacqueline Ente Line Renaud
46%
André Raimbourg Bourvil
45%
Daniel Cohen Dany Brillant
45%
Jacky Boufroura Jacques Villeret
45%
Gaston Ghrenassia Enrico Macias
39%
Annie Chancel Sheila
36%
Ivo Livi Yves Montand
36%
Ronan Gerval Julien Lepers
31%
Aucun quiz correspondant
Distribution des résultats
% des personnes avec chaque résultat
Percentile par nombre de réponses
Votre historique - résultats
Vous n’avez pas pris ce quiz